La Unión Europea y América Latina y el Caribe : (Registro nro. 8150)

Detalles MARC
000 -LEADER
fixed length control field 01312nam a2200229Ia 4500
003 - CONTROL NUMBER IDENTIFIER
control field OSt
005 - DATE AND TIME OF LATEST TRANSACTION
control field 20210726173015.0
008 - FIXED-LENGTH DATA ELEMENTS--GENERAL INFORMATION
fixed length control field 210310s2012 cl ad gr 000 0 spa d
040 ## - CATALOGING SOURCE
Original cataloging agency CO-JMCR
Transcribing agency CO-JMCR
041 0# - LANGUAGE CODE
Language code of text/sound track or separate title spa
082 04 - DEWEY DECIMAL CLASSIFICATION NUMBER
Classification number 332.673098 /
Item number N124u
Edition number 23
110 2# - MAIN ENTRY--CORPORATE NAME
Corporate name or jurisdiction name as entry element Naciones Unidas
9 (RLIN) 37599
245 13 - TITLE STATEMENT
Title La Unión Europea y América Latina y el Caribe :
Remainder of title inversiones para el crecimiento, la inclusión social y la sostenibilidad ambiental /
Statement of responsibility, etc. Naciones Unidas
260 ## - PUBLICATION, DISTRIBUTION, ETC.
Place of publication, distribution, etc. Santiago de Chile :
Name of publisher, distributor, etc. Naciones Unidas,
Date of publication, distribution, etc. 2012
300 ## - PHYSICAL DESCRIPTION
Extent 154 páginas :
Other physical details ilustraciones y gráficas a color ;
Dimensions 21 cm.
505 0# - FORMATTED CONTENTS NOTE
Formatted contents note Un panorama de las economías de la Unión Europa y América Latina y el Caribe -- Inserción comercial de la Unión Europea y América Latina y el Caribe y las relaciones entre ambos bloques -- Inversiones transfronterizas entre la Unión Europea y la Comunidad de Estados Unidos Latinoamericanos y Caribeños (CELAC) -- La dimensión sectorial y empresarial de la inversión -- Reflexiones para el debate
650 14 - SUBJECT ADDED ENTRY--TOPICAL TERM
Topical term or geographic name entry element Países de la Unión Europea
9 (RLIN) 16474
General subdivision Condiciones económicas
650 24 - SUBJECT ADDED ENTRY--TOPICAL TERM
Topical term or geographic name entry element Países de la Unión Europea
9 (RLIN) 38744
651 #4 - SUBJECT ADDED ENTRY--GEOGRAPHIC NAME
Geographic name América Latina
General subdivision Condiciones económicas
9 (RLIN) 38745
651 #4 - SUBJECT ADDED ENTRY--GEOGRAPHIC NAME
Geographic name América Latina
General subdivision Relaciones económicas exteriores
9 (RLIN) 38746
942 ## - ADDED ENTRY ELEMENTS (KOHA)
Source of classification or shelving scheme Dewey Decimal Classification
Koha item type Books
Existencias
Withdrawn status Lost status Source of classification or shelving scheme Damaged status Not for loan Collection code Home library Current library Date acquired Source of acquisition Total Checkouts Full call number Barcode Date last seen Date last checked out Copy number Koha item type
    Dewey Decimal Classification     Non-fiction Biblioteca Pública José María del Castillo y Rada Biblioteca Pública José María del Castillo y Rada 04/15/2018 Donación 1 332.673098 / N124u 430003279 05/16/2024 01/26/2024 Ej.1 Books